El desarrollo sustentable : nuevo paradigma para la administración pública /

Sostiene el autor que la sustentabilidad no va a derivar automáticamente de la puesta en práctica de un modelo de desarrollo, sino que se requiere que desde la administración pública se ejerzan regulaciones políticas y controles que garanticen una efectiva complementariedad y convivencia de desarrol...

ver descrição completa

Na minha lista:
Detalhes bibliográficos
Autor principal: Rojas Orozco, Cornelio (autor)
Formato: Livro
Idioma:espanhol
Colecção:(Escenarios ; 12)
Assuntos:
Tags: Adicionar Tag
Sem tags, seja o primeiro a adicionar uma tag!

MARC

LEADER 00000nam^a2200000^a^4500
001 000186928
005 20250521000000.0
009 20260310102243.877
020 |a 970-727-040-3 
037 |a Acervo ITESO - Biblioteca 
041 |a ESP 
082 |a 333. 70972  |b ROJ 
100 |a Rojas Orozco, Cornelio  |e (autor) 
245 1 3 |a El desarrollo sustentable :  |b nuevo paradigma para la administración pública /  |c C. Rojas Orozco. 
264 |a México :  |b Congreso de la Unión, Cámara de Senadores, LIX Legislatura,  |c 2004 
300 |a 311 p. 
336 |a texto  |b txt  |2 rdacontenido 
337 |a sin mediación  |b n  |2 rdamedio 
338 |a volumen  |b nc  |2 rdasoporte 
440 1 |a (Escenarios ;  |v 12) 
520 |a Sostiene el autor que la sustentabilidad no va a derivar automáticamente de la puesta en práctica de un modelo de desarrollo, sino que se requiere que desde la administración pública se ejerzan regulaciones políticas y controles que garanticen una efectiva complementariedad y convivencia de desarrollo económico con respeto y protección del medio ambiente. 
649 |a XX 
650 |a Desarrollo Sustentable -  |z México -  |x Historia -  |y 2000-2009 
650 |a Desarrollo Económico-Social -  |z México -  |x Historia -  |y 2000-2009 
650 |a Ecología -  |z México -  |x Historia -  |y 2000-2009 
650 |a Política Ambiental -  |z México -  |x Historia -  |y 2000-2009 
650 |a Administración Pública -  |z México -  |x Historia -  |y 2000-2009 
650 |a Economía -  |z México -  |x Historia -  |y 2000-2009 
910 |a Fondo General 
920 |a Impresos - Libros 
930 |a Colección General 
905 |a 101 
901 |a 0500128817  |b IT1  |c ACC  |u 20250521 
902 |a https://opac.biblio.iteso.mx/vufind/Record/000186928